000
00286nam a22001337a 4500
008
170222b xxu||||| |||| 00| 0 eng d
020
_a
9780071448710
041
_a
eng
080
_a
617
100
_a
5
101
_a
SHS
245
_a
SURGERY CLERK SHIP
_c
KAUFMAN.M.S
942
_2
udc
_c
BK
999
_c
6113
_d
6113